00438nam a2200145Ia 4500003000900000008004100009040001600050080001200066245009500078260005600173300001000229650001900239650001400258700002000272IN-BaIIA211028s9999 xx 000 0 eng d cIIA Library a58bMAT 0aMonorama Year Book 1987cedited by K M. Mathew  aKerala, Malayalam MonoramabMalayala Manoramac1987 a858p. aNASA Thesaurus aYearbooks aMathew, K M. ed